[Event "Venice Autumn op-B 10th"]
[Site "Venice"]
[Date "2004.10.31"]
[Round "2"]
[White "Scuderi, David"]
[Black "Baracchi, Filippo"]
[Result "0-1"]
[WhiteElo "2071"]
[BlackElo "1908"]
[PlyCount "131"]
[EventDate "2004.10.30"]
[EventType "swiss"]
[EventRounds "5"]
[EventCountry "ITA"]
[SourceTitle "EXT 2009"]
[Source "ChessBase"]
[SourceDate "2008.11.26"]
[SourceVersion "1"]
[SourceVersionDate "2008.11.26"]
[SourceQuality "1"]

1. e4 b6 2. d4 Bb7 3. Nc3 e6 4. d5 exd5 5. exd5 Nf6 6. Bg5 Be7 7. Bxf6 Bxf6 8. Bd3 Bxc3+ 9. bxc3 Bxd5 10. Qg4 Qf6 11. Ne2 Nc6 12. 0-0 h5 13. Qg3 Ne5 14. Nf4 Bb7 15. Rfe1 0-0-0 16. Be4 d5 17. Nd3 Nxd3 18. Bxd3 Kb8 19. a4 h4 20. Qg4 Rhe8 21. Reb1 Re6 22. a5 Qxc3 23. Qxh4 Rde8 24. axb6 Rxb6 25. Rf1 d4 26. Qg4 g6 27. Qd7 Qc6 28. Qg4 Rh8 29. f3 Qd6 30. h4 f5 31. Qg5 Rh5 32. Qd2 Rxh4 33. Qa5 a6 34. Rfb1 Qf4 35. Re1 Rh8 36. Qa4 Qh2+ 37. Kf2 Qh4+ 38. Kg1 Qd8 39. Reb1 Qg5 40. Qxd4 Rh4 41. Qe5 Rhb4 42. Rxb4 Rxb4 43. Qh8+ Ka7 44. Qe5 Qd8 45. Qc5+ Rb6 46. Re1 Qd6 47. Qe3 f4 48. Qe7 Rb1 49. Qxd6 Rxe1+ 50. Kf2 cxd6 51. Kxe1 g5 52. Kd2 Kb6 53. Bf5 Bc6 54. Kc3 Kc5 55. Bc8 Bb5 56. Be6 Bf1 57. Bh3 Kd5 58. Kb4 Kd4 59. c3+ Kd5 60. Kb3 Kc5 61. Kc2 a5 62. Kd2 a4 63. Ke1 Bxg2 64. Bd7 a3 65. Kf2 a2 66. Kxg2 0-1

[Event "ITA-ch sf"]
[Site "San Martino di Castrozza"]
[Date "2003.06.28"]
[Round "8"]
[White "Baracchi, Filippo"]
[Black "Campanile, Roberto"]
[Result "0-1"]
[WhiteElo "1801"]
[BlackElo "2184"]
[PlyCount "88"]
[EventDate "2003.06.21"]
[EventType "swiss"]
[EventRounds "9"]
[EventCountry "ITA"]
[SourceTitle "EXT 2005"]
[Source "ChessBase"]
[SourceDate "2004.11.15"]
[SourceVersion "1"]
[SourceVersionDate "2004.11.15"]
[SourceQuality "1"]

1. e4 c5 2. Nf3 d6 3. d4 cxd4 4. Nxd4 Nf6 5. Nc3 a6 6. Be2 e6 7. Be3 Qc7 8. 0-0 b5 9. a3 Bb7 10. f3 Be7 11. Qe1 0-0 12. g4 Nc6 13. g5 Nd7 14. Qh4 Rfe8 15. f4 Nxd4 16. Bxd4 e5 17. Be3 exf4 18. Qxf4 Ne5 19. Bd4 Bf8 20. Bh5 g6 21. Bg4 Bg7 22. Rad1 Qc4 23. Be2 Nd3 24. cxd3 Bxd4+ 25. Kh1 Qe6 26. Rf3 Bxc3 27. bxc3 d5 28. d4 dxe4 29. Re3 Bd5 30. Qh4 Ra7 31. Rf1 f5 32. gxf6 Rf7 33. Qg5 Ref8 34. Qe5 Rxf6 35. Rxf6 Rxf6 36. Bg4 Qd6 37. Kg2 Qxe5 38. dxe5 Rf8 39. Kg3 h6 40. Bd7 Kf7 41. a4 Ke7 42. Bg4 bxa4 43. Be2 Ke6 44. c4 Bc6 0-1

[Event "Veneto-ch qf 62nd"]
[Site "Arqua Petrarca"]
[Date "2002.05.12"]
[Round "6.11"]
[White "Baracchi, Filippo"]
[Black "Chinello, Gianmarco"]
[Result "1/2-1/2"]
[WhiteElo "1756"]
[BlackElo "1600"]
[PlyCount "33"]
[EventDate "2002.05.04"]
[EventType "swiss"]
[EventRounds "6"]
[EventCountry "ITA"]
[SourceTitle "EXT 2024"]
[Source "ChessBase"]
[SourceDate "2023.10.10"]
[SourceVersion "1"]
[SourceVersionDate "2023.10.10"]
[SourceQuality "1"]

1. e4 e5 2. Nc3 Bc5 3. Nf3 d6 4. Bc4 Nc6 5. d3 Bg4 6. h3 Bh5 7. g4 Bg6 8. h4 h6 9. h5 Bh7 10. g5 Qd7 11. Rg1 hxg5 12. Nxg5 Nh6 13. Nxh7 Rxh7 14. Bxh6 Rxh6 15. Rxg7 0-0-0 16. Nb5 Rf6 17. Qg4 1/2-1/2

[Event "Treviso op-B 25th"]
[Site "Treviso"]
[Date "2001.12.09"]
[Round "4.9"]
[White "Baracchi, Filippo"]
[Black "La Malfa, Stelio"]
[Result "1/2-1/2"]
[WhiteElo "1627"]
[BlackElo "1500"]
[PlyCount "57"]
[EventDate "2001.12.07"]
[EventType "swiss"]
[EventRounds "5"]
[EventCountry "ITA"]
[SourceTitle "EXT 2024"]
[Source "ChessBase"]
[SourceDate "2023.10.10"]
[SourceVersion "1"]
[SourceVersionDate "2023.10.10"]
[SourceQuality "1"]

1. e4 e5 2. Nc3 Nf6 3. f4 d6 4. Nf3 Bg4 5. h3 Bxf3 6. Qxf3 Nc6 7. Bc4 Be7 8. d3 0-0 9. g4 Nd4 10. Qf2 Nxe4 11. Nxe4 d5 12. 0-0 dxc4 13. Be3 Bh4 14. Qd2 f5 15. gxf5 Rxf5 16. dxc4 Qe8 17. Bxd4 exd4 18. Qxd4 Rd8 19. Qe3 Qc6 20. Ng3 Bxg3 21. Qxg3 Qxc4 22. Qb3 Qxb3 23. axb3 a6 24. Rad1 Rxd1 25. Rxd1 Rxf4 26. Rd8+ Rf8 27. Rd7 Rf7 28. Rd8+ Rf8 29. Rd7 1/2-1/2

[Event "Treviso op-B 25th"]
[Site "Treviso"]
[Date "2001.12.09"]
[Round "5.6"]
[White "Chiumello, Roberto"]
[Black "Baracchi, Filippo"]
[Result "0-1"]
[WhiteElo "1500"]
[BlackElo "1627"]
[PlyCount "70"]
[EventDate "2001.12.07"]
[EventType "swiss"]
[EventRounds "5"]
[EventCountry "ITA"]
[SourceTitle "EXT 2024"]
[Source "ChessBase"]
[SourceDate "2023.10.10"]
[SourceVersion "1"]
[SourceVersionDate "2023.10.10"]
[SourceQuality "1"]

1. d4 Nf6 2. Bf4 g6 3. Nf3 Bg7 4. Nc3 d6 5. e3 0-0 6. Be2 c5 7. 0-0 Nh5 8. Bg3 Nxg3 9. hxg3 Nc6 10. a3 Bg4 11. Re1 Bxf3 12. Bxf3 cxd4 13. Bxc6 dxc3 14. Bxb7 cxb2 15. Rb1 Rb8 16. Bd5 Qa5 17. Qd3 Bc3 18. Red1 Qxa3 19. Bb3 Qb4 20. Kf1 Rfc8 21. Ke2 Qb5 22. Qxb5 Rxb5 23. g4 a5 24. Rh1 Bg7 25. Rh3 h6 26. f4 Ra8 27. Rf1 a4 28. Ba2 Rc5 29. c4 d5 30. cxd5 Rac8 31. Rhh1 Rc1 32. Bb1 Rxf1 33. Rxf1 Rc1 34. Rd1 a3 35. e4 Rxb1 0-1

[Event "Treviso op-B 25th"]
[Site "Treviso"]
[Date "2001.12.07"]
[Round "2.3"]
[White "Niccoli, Paolo"]
[Black "Baracchi, Filippo"]
[Result "1-0"]
[WhiteElo "1643"]
[BlackElo "1627"]
[PlyCount "51"]
[EventDate "2001.12.07"]
[EventType "swiss"]
[EventRounds "5"]
[EventCountry "ITA"]
[SourceTitle "EXT 2024"]
[Source "ChessBase"]
[SourceDate "2023.10.10"]
[SourceVersion "1"]
[SourceVersionDate "2023.10.10"]
[SourceQuality "1"]

1. e4 c5 2. d4 cxd4 3. c3 dxc3 4. Nxc3 d6 5. Nf3 Nc6 6. Bc4 Nf6 7. 0-0 e6 8. Qe2 Be7 9. Rd1 e5 10. Bg5 0-0 11. h3 a6 12. Rac1 Be6 13. Bxe6 fxe6 14. b4 b5 15. Nxb5 Nxe4 16. Bxe7 Nxe7 17. Nc7 Nd5 18. Nxe6 Ndc3 19. Qd3 Qb6 20. Nxf8 Qxf2+ 21. Kh1 Qxa2 22. Rc2 Qf7 23. Nxh7 Ng3+ 24. Kg1 Nxd1 25. Nhg5 Qf6 26. Qh7+ 1-0

[Event "Imperia op-C 43rd"]
[Site "Imperia"]
[Date "2001.09.08"]
[Round "7"]
[White "Baracchi, Filippo"]
[Black "Morselli, Stefano"]
[Result "0-1"]
[WhiteElo "1627"]
[BlackElo "1693"]
[PlyCount "52"]
[EventDate "2001.09.02"]
[EventType "swiss"]
[EventRounds "8"]
[EventCountry "ITA"]
[SourceTitle "EXT 2024"]
[Source "ChessBase"]
[SourceDate "2023.10.10"]
[SourceVersion "1"]
[SourceVersionDate "2023.10.10"]
[SourceQuality "1"]

1. e4 g6 2. d4 Bg7 3. f4 d6 4. Nf3 e6 5. Bd3 Nc6 6. Be3 Nge7 7. Qd2 e5 8. fxe5 dxe5 9. d5 Nd4 10. Nxd4 exd4 11. Bb5+ c6 12. Bxd4 Bxd4 13. Qxd4 0-0 14. Bc4 cxd5 15. Bxd5 Nxd5 16. Qxd5 Qf6 17. Nc3 Be6 18. Qd3 Rad8 19. Rf1 Qg5 20. Qe2 Bc4 21. Qf2 Bxf1 22. Kxf1 Rd2 23. Qf3 f5 24. Kg1 fxe4 25. Qxe4 Rff2 26. Ne2 Rfxe2 0-1

[Event "Graticolato op-B U1700 8th"]
[Site "Santa Maria di Sala"]
[Date "2000.11.26"]
[Round "6.6"]
[White "Lorenzini, Adriano"]
[Black "Baracchi, Filippo"]
[Result "1-0"]
[WhiteElo "1609"]
[BlackElo "1600"]
[PlyCount "31"]
[EventDate "2000.11.18"]
[EventType "swiss"]
[EventRounds "6"]
[EventCountry "ITA"]
[SourceTitle "EXT 2023"]
[Source "ChessBase"]
[SourceDate "2022.10.05"]
[SourceVersion "1"]
[SourceVersionDate "2022.10.05"]
[SourceQuality "1"]

1. d4 d5 2. Nf3 Nf6 3. g3 Nc6 4. Bg2 Bf5 5. 0-0 e6 6. c4 Be7 7. Nc3 0-0 8. Nh4 Bg4 9. cxd5 exd5 10. h3 Bh5 11. Nf5 h6 12. Ne3 Re8 13. Nexd5 Nxd5 14. Nxd5 Nxd4 15. Qxd4 Bxe2 16. Re1 1-0